MDQL
is popping MORE tags! Check the
thread
!
Quizzes
Events
Quiz Creation
Community
Videos
Private Events
Remove Ads
Sign In
Join for FREE
Feedback
Dark Mode
Quiz Categories
Sports
Geography
Music
Movies
Television
Just For Fun
Miscellaneous
History
Literature
Language
Science
Gaming
Entertainment
Religion
Holiday
For Kids
Quiz Lab
Recent
Popular Today
Quiz Kudos Today
Editor Picks
Curator Picks
Quizzes by...
Day
Popularity
Type
Ratings
Length
Year
Community
Subscriptions
Recent Discussions
Orange Saloon
Badges
Playlists
Quests
Create
Leaderboards
Showdown
Live 5
Trivia Bingo
Activity
Puzzle Library
Sporcle Events
Private Events
Virtual Trivia
Globe League
Become a Host
Pub Owners
SporcleCon
Opinionation
Our Games
Videos
Blog
Mobile Apps
Partnerships
Remove Ads and Go Orange
Feedback
Literature
Harry Potter
A Song of Ice and Fire
The Hunger Games
Literary Character
Shakespeare
Book
Author
Novel
Poem
Young Adult
Children's Books
Play
Lord of the Rings
Literature
Harry Potter
A Song of Ice and Fire
The Hunger Games
Literary Character
Shakespeare
Book
Author
Novel
Poem
Young Adult
Children's Books
Play
Lord of the Rings
Random Quiz
Search Sporcle
×
Editor Pick
Editor Pick
Literature
Book
Click on answers out of a set of options
Click on answers out of a set of options
Multiple Choice
Best Score? Go Orange.
Odd One Out: Percy Jackson's Universe Stats
Can you choose the answer that doesn't belong to each clue in the Percy Jackson universe*?
By
I-Am-Batman
5m
20 Questions
1,345 Plays
1,345 Plays
1,345 Plays
Comments
Comments
Give Quiz Kudos
Give Quiz Kudos
-
- Ratings
hide this ad
More Info
Random Order
Randomize order of answers
Randomize order of answers
Replay
Link that replays current quiz
Next Quiz
Link to next quiz in quiz playlist
You Got
0%
They Got
Avg Score
58%
Avg Friend Score
Upgrade to see
Score Distribution
Jump to the score distribution portion of the page
Score
0/20
Timer
05:00
0
Plays Today
Question
Answer
Wrong Answers
Big Three Gods
Ares
77.9%
Zeus
2.8%
Poseidon
2.3%
Hades
4.4%
Areas of Mythology Rick Riodan Has Written About
Aztec
77.6%
Greek
4%
Egyptian
3%
Norse
3.3%
Camp Half-Blood Cabin Counselors
Tyson
72.1%
Will Solace
4.4%
Annabeth Chase
5.9%
Travis & Connor Stoll
5.1%
Hunters of Artemis
Katie Gardner
71.1%
Zoë Nightshade
4.7%
Thalia Grace
5.4%
Bianca di Angelo
5.5%
Heroes of Olympus Books
Battle of the Labyrinth
69.4%
Mark of Athena
5%
House of Hades
6.7%
Lost Hero
7.4%
Parents of the Seven Heroes of Olympus
Demeter
67.9%
Athena
4.6%
Jupiter
6.1%
Pluto
8.9%
Praetors at Camp Jupiter
Bryce Lawrence
67.6%
Reyna Ramirez-Arellano
6.2%
Frank Zhang
7.6%
Jason Grace
6.1%
Led a Quest from Camp Half-Blood
Lee Fletcher
67.4%
Annabeth Chase
6%
Clarisse La Rue
6.5%
Luke Castellan
7.6%
Satyrs
Juniper
67.3%
Grover
4.1%
Coach Hedge
6.5%
Leneus
9.7%
Crew of the Argo II
Clarisse La Rue
67.2%
Leo Valdez
4.6%
Hazel Levesque
4.5%
Coach Hedge
10.4%
Demigods
Rachel Dare
65.5%
Nico Di Angelo
5.1%
Piper McLean
4.5%
Alex Fierro
12.8%
Sons of Hephaestus
Michael Yew
62.1%
Charles Beckendorf
8.7%
Jake Mason
10.1%
Leo Valdez
7.5%
Magnus Chase's Hallmates
Samirah al-Abbas
48.1%
Halfborn Gunderson
11.2%
Mallory Keen
11.1%
Thomas Jefferson Jr.
16.2%
Owners of the Sword of Summer
Thor
47.4%
Frey
13.3%
Magnus Chase
10.7%
Surt (come Ragnarok)
15.2%
Hosts of an Egyptian God
Michel Desjardins
45.7%
Walt Stone
17.4%
Sadie Kane
10.1%
Julius Kane
13%
Allies of Brooklyn House
Vladimir Menshikov
45.6%
Bast
13.2%
Khufu
11.6%
Philip of Macedonia
16.1%
Third Triumvirate Emperors
Tiberius
43.8%
Nero
11.3%
Caligula
11.5%
Commodus
19.4%
Giants in Heroes of Olympus
Iapetus
41.6%
Damasen
25%
Polybotes
10%
Enceladus
10.6%
Gods Released From the Rosetta Stone in the Red Pyramid
Sobek
38.6%
Set
15.5%
Horus
12.9%
Nephthys
20.6%
Chief Lectors of the House of Life
Zia Rashid
34.8%
Amos Kane
15.5%
Iskandar
18.6%
Michel Desjardins
17.6%
Quiz Playlist
Details
Report
Send in Message
Add To Playlist
More Info:
The Percy Jackson Universe refers to all interconnected novels and series written by Rick Riordan:
Percy Jackson and the Olympians
Heroes of Olympus
The Kane Chronicles
Magnus Chase and the Gods of Asgard
Trials of Apollo
And all short stories and spinoffs featuring the characters appearing in the aforementioned literature.
Multiple Choice:
Click on answers out of a set of options
Random Order:
Randomize order of answers
Last Updated: May 8, 2020
Editor Pick in
Literature
Quiz Scoreboard
CHALLENGE
Sign Up to Join the Scoreboard
Show All
Scores
Hide
Comments
May contain spoilers
Recently Published
Holiday 10x10 Sorting Gallery
by lukepisani3
Holiday
15m
Two Season TV Shows II
by 123Four
Television
10m
Image Sorting: Flags VI
by Barbecue
Geography
2m
More to Explore
Quiz From the Vault
Featured Blog Post
14 Easter Pick-up Lines to Find Eggs With
hide this ad
You Might Also Like...
Tags
Book Quiz
Mythology Quiz
Young Adult Quiz
Greek
Greek Mythology
Multiple Choice
Norse
Norse Mythology
Odd One Out
Percy Jackson
Rick Riordan
Roman Mythology
Today's Top Quizzes in Literature
Browse Literature
hide this ad
Today's Top Quizzes in Book
Browse Book
Top Contributed Quizzes in Literature
1
Sneaky Slytherin Logic Puzzle
2
Criteria Quiz: Harry Potter Deaths
3
Get The Picture: Black or White Literature
4
Harry Potter logic puzzle: The Hogwarts Soap Opera
5
'Middle' Earth
6
Weasley Family Reunion: Logic Puzzle
7
Missing Word: John Steinbeck Title Images
8
Harry Potter Slytherin Logic Puzzle
9
Quick Pick: Easter in Book Titles
10
Harry Potter logic puzzle: Triwizard Tournament
Explore More
Trending Topics
Harry Potter
Disney
NBA
Anime
Crossword
Kpop
Marvel
NFL
Puzzle
Pokémon
Soccer
The Office
WWE
Country
Song
hide this ad
More By:
I-Am-Batman
Quiz
Plays
Rating
Category
Featured
Created
Beatles Songs by Image
108,727
4.63
Music
Nov 13, 2019
MCU Criteria: Phase 3 Films
106,523
3.88
Movies
Apr 12, 2020
Queen Songs by Image
89,553
4.69
Music
Nov 13, 2019
MCU Criteria: Phase 1 Films
87,905
4.02
Movies
Jan 5, 2020
Odd One Out: MCU Scenes
79,530
4.58
Movies
Jan 25, 2019
Go to Creator's Profile
Score Distribution
Quiz Creator Spotlight
I-Am-Batman
Follow
Send a Message
Quizzes Created
-
Created Quiz Play Count
-
More By This Creator
Popular Quizzes Today
1
Find the US States - No Outlines Minefield
2
Colored Red Africa Blitz
3
Find the 'City' Movie
4
The Countries of the World
5
5x2 Blitz: Bands
6
Find the Countries of Europe - No Outlines Minefield
7
Find the US States
8
US States
More Literature Quizzes
Ray Bradbury Novels
Published
Trending Quizzes
Colored Red Europe Blitz I
Colored Red Europe Blitz II
Colored Red Africa Blitz II
Even More Two Season TV Shows
Colored Red Africa Blitz III
Recently Updated
Odd Team Out - Big 4 Players
pecheneg
Quick Pick: 20 Twenties
pecheneg
March Madness Men's Triple Doubles
pecheneg
How Do You Spell That?
pecheneg
Godzilla Movies
pecheneg
Grab Bag: 4-10 Letters
pecheneg
2024 March Madness Bracket
pecheneg
Famous TV Couples
Peacemaker
Champions League XIs: Real Madrid
pecheneg
Largest US Cities 1790-2010
pecheneg
Trending Topics
NBA
Disney
Crossword
Kpop
Harry Potter
Marvel
Anime
NFL
The Office
Country
Soccer
WWE
Puzzle
Pokémon
Song
Your Account Isn't Verified!
In order to create a playlist on Sporcle, you need to verify the email address you used during registration. Go to your
Sporcle Settings
to finish the process.
Report this User
Report this user for behavior that violates our
Community Guidelines
.
Details:
Send Report
Go to the Sporcle.com Mobile Site →
Comments